Автомобильные коды регионов России - Statistics

General Stats
  • This quiz has been taken 205 times
  • The average score is 29 of 83
Answer Stats
Код Регион % Correct
01, 101 Республика Адыгея
78%
77, 97,99, 177, 197, 199, 777, 797, 799, 977 Москва
67%
05 Республика Дагестан
63%
02, 102, 702 Республика Башкортостан
62%
50, 90150, 190, 250, 550, 750, 790 Московская область
57%
03, 103 Республика Бурятия
54%
78, 98,178, 198 Санкт-Петербург
51%
16, 116,716 Республика Татарстан
48%
23, 93,123, 193 Краснодарский край
48%
52, 152,252 Нижегородская область
47%
(20), 95 Чеченская Республика
44%
36, 136 Воронежская область
44%
06 Республика Ингушетия
42%
24, 84,88, 124 Красноярский край
42%
04 Республика Алтай
41%
63, 163,763 Самарская область
41%
64, 164 Саратовская область
41%
07 Кабардино-Балкарская Республика
38%
13, 113 Республика Мордовия
38%
31 Белгородская область
38%
32 Брянская область
38%
34, 134 Волгоградская область
38%
11, 111 Республика Коми
37%
08 Республика Калмыкия
36%
10 Республика Карелия
36%
33 Владимирская область
36%
35 Вологодская область
36%
61, 161,761 Ростовская область
36%
71 Тульская область
36%
18, 118 Удмуртская республика
35%
40 Калужская область
35%
54, 154,754 Новосибирская область
35%
66, 96,196 Свердловская область
35%
12 Республика Марий Эл
34%
21, 121 Чувашская Республика
34%
42, 142 Кемеровская область
34%
51 Мурманская область
34%
55, 155 Омская область
34%
25, 125,725 Приморский край
33%
59, 81,159 Пермский край
33%
62 Рязанская область
33%
69, 169 Тверская область
33%
30, 130 Астраханская область
32%
74, 174,774 Челябинская область
32%
56, 156 Оренбургская область
31%
09, 109 Карачаево-Черкесская Республика
30%
14 Республика Саха (Якутия)
30%
17 Республика Тыва
30%
19 Республика Хакасия
30%
29 Архангельская область
30%
47, 147 Ленинградская область
30%
48 Липецкая область
30%
58, 158 Пензенская область
30%
65 Сахалинская область
30%
15 Республика Северная Осетия - Алания
30%
22, 122 Алтайский край
29%
26, 126 Ставропольский край
29%
39, 91,139 Калининградская область
29%
70 Томская область
28%
72, 172 Тюменская область
28%
76 Ярославская область
28%
86, 186 Ханты-Мансийский автономный округ - Югра
28%
37 Ивановская область
27%
38, 85,138 Иркутская область
27%
43 Кировская область
27%
53 Новгородская область
27%
57 Орловская область
27%
68 Тамбовская область
27%
27 Хабаровский край
26%
44 Костромская область
26%
46 Курская область
25%
49 Магаданская область
25%
60 Псковская область
25%
67 Смоленская область
25%
73, 173 Ульяновская область
25%
89 Ямало-Ненецкий автономный округ
25%
28 Амурская область
24%
87 Чукотский автономный округ
23%
45 Курганская область
22%
83 Ненецкий автономный округ
21%
79 Еврейская автономная область
20%
41 Камчатский край
19%
75, 80 Забайкальский край
17%
No matching quizzes found
Score Distribution
Percent of People with Each Score
Percentile by Number Answered
Your Score History
You have not taken this quiz